[Event "65th NED-ch"]
[Site "Haaksbergen NED"]
[Date "2009.09.20"]
[Round "9"]
[White "Bitalzadeh, Ali"]
[Black "Kuijpers, Franciscus"]
[Result "0-1"]
[WhiteElo "2437"]
[BlackElo "2458"]
[EventDate "2009.09.12"]
[PlyCount "106"]

1.d4 d5 2.c4 c6 3.Nf3 Nf6 4.e3 e6 5.b3 Bd6 6.Bd3 Nbd7 7.Bb2 O-O 8.O-O Re8 
9.Ne5 c5 10.f4 b6 11.Nd2 Bb7 12.Qe2 Qe7 13.Rad1 Rad8 14.cxd5 exd5 15.Qf3 
a6 16.g4 Nf8 17.g5 N6d7 18.Qh5 b5 19.Rf3 c4 20.Bb1 Rc8 21.Rh3 g6 22.Qh6 f5
23.gxf6 Nxf6 24.Rc1 Rc7 25.f5 Qg7 26.fxg6 Nxg6 27.Bxg6 hxg6 28.Ndf3 Bc8 
29.Qxg7+ Rxg7 30.Rg3 Bf5 31.Nh4 Ne4 32.Rg2 Kh7 33.Nhf3 Rc8 34.Ng5+ Nxg5 
35.Rxg5 Rgc7 36.Rf1 cxb3 37.axb3 Rc2 38.Rg2 a5 39.Rxc2 Rxc2 40.Rf2 Rxf2 
41.Kxf2 Bc2 42.Nc6 a4 43.bxa4 bxa4 44.Ne5 Kg7 45.h3 Bf5 46.h4 Be7 47.Kg3 
Kh6 48.Nf3 Kh5 49.Bc3 Be4 50.Ba1 Ba3 51.Ng5 Bd6+ 52.Kh3 Bf5+ 53.Kg2 Kxh4 
0-1

[Event "65th NED-ch"]
[Site "Haaksbergen NED"]
[Date "2009.09.20"]
[Round "9"]
[White "Swinkels, Robin"]
[Black "Miedema, David"]
[Result "0-1"]
[WhiteElo "2113"]
[BlackElo "2396"]
[EventDate "2009.09.12"]
[PlyCount "96"]

1.d4 Nf6 2.c4 g6 3.Nc3 Bg7 4.e4 d6 5.Nf3 O-O 6.Be2 e5 7.O-O Nc6 8.d5 Ne7 
9.Ne1 Nd7 10.f3 f5 11.g4 Nf6 12.Be3 Kh8 13.Nd3 Neg8 14.Kh1 Rf7 15.Rg1 Bd7 
16.c5 Qe7 17.Rc1 f4 18.Bf2 g5 19.h4 gxh4 20.cxd6 cxd6 21.Bxh4 Qf8 22.Rg2 
Nxg4 23.Rxg4 Bxg4 24.fxg4 f3 25.Bf1 Bh6 26.Rc2 Qg7 27.Bh3 Be3 28.Qe1 Qh6 
29.Rh2 Raf8 30.Bf2 Bd2 31.Qg1 Qg5 32.Bf1 Bxc3 33.bxc3 Qg6 34.c4 b6 35.Nb4 
Nf6 36.Bd3 a5 37.g5 Nxe4 38.Qg4 Rf4 39.Qe6 Qxe6 40.dxe6 Nxf2+ 41.Rxf2 Rh4+
42.Kg1 axb4 43.c5 Rg8 44.Rd2 bxc5 45.Bb5 Rxg5+ 46.Kf2 Rh2+ 47.Ke3 Rxd2 48.
Kxd2 Rg7 0-1

[Event "65th NED-ch"]
[Site "Haaksbergen NED"]
[Date "2009.09.20"]
[Round "9"]
[White "Van der Weide, Karel"]
[Black "Nijboer, Friso"]
[Result "0-1"]
[WhiteElo "2457"]
[BlackElo "2565"]
[EventDate "2009.09.12"]
[PlyCount "84"]

1.e4 c5 2.Nf3 e6 3.d4 cxd4 4.Nxd4 a6 5.Nc3 b5 6.Bd3 d6 7.O-O Nf6 8.Re1 Be7
9.a4 b4 10.Na2 e5 11.Nf5 Bxf5 12.exf5 Nc6 13.c3 bxc3 14.Nxc3 d5 15.Bg5 O-O
16.Rc1 d4 17.Nb1 Nd7 18.h4 Nb4 19.Be4 Rb8 20.Bxe7 Qxe7 21.Rc7 Qd8 22.Rc4 
Qxh4 23.Nd2 Rfc8 24.Nf3 Qd8 25.Rxc8 Rxc8 26.Bb1 Rc5 27.Qe2 a5 28.Qe4 h6 
29.g3 Nf6 30.Qb7 d3 31.Nd2 e4 32.Nxe4 d2 33.Rd1 Rc1 34.Nxf6+ gxf6 35.Qf3 
Qd5 36.Qg4+ Kf8 37.Kh2 Rxd1 38.Qxd1 Qd4 39.Kg2 Qxb2 40.Be4 Qc1 41.Bf3 Qxd1
42.Bxd1 Na2 0-1

[Event "65th NED-ch"]
[Site "Haaksbergen NED"]
[Date "2009.09.12"]
[Round "1"]
[White "Tiviakov, Sergei"]
[Black "Bitalzadeh, Ali"]
[Result "1/2-1/2"]
[WhiteElo "2599"]
[BlackElo "2437"]
[EventDate "2009.09.12"]
[PlyCount "121"]

1.e4 e6 2.d4 d5 3.Nd2 Nf6 4.e5 Nfd7 5.c3 c5 6.Bd3 Nc6 7.Ne2 cxd4 8.cxd4 f6
9.exf6 Nxf6 10.O-O Bd6 11.Nf3 Qc7 12.Bg5 O-O 13.Rc1 Ng4 14.Ng3 Qb6 15.Qe2 
Bd7 16.Bb1 Rae8 17.Be3 g6 18.Qd2 Qc7 19.Bg5 Rf7 20.Rc3 Ref8 21.a3 Qb6 22.
Ba2 Nf6 23.Rb3 Qc7 24.Bh6 Rd8 25.Re1 Ng4 26.Bg5 Rdf8 27.Rc3 a6 28.Nf1 Qb6 
29.h3 Nf6 30.Bb1 Nh5 31.Bh6 Bf4 32.Bxf4 Rxf4 33.Rd1 Na5 34.Ne3 Ba4 35.Bc2 
Bxc2 36.Qxc2 Nc6 37.Rb3 Qa7 38.Ng4 Nf6 39.Nxf6+ R8xf6 40.Re3 Nxd4 41.Nxd4 
Rxd4 42.Qc8+ Kg7 43.Rc1 Rdf4 44.Rc7+ Rf7 45.Rxf7+ Rxf7 46.Qxe6 Qd4 47.Qe5+
Qxe5 48.Rxe5 Rd7 49.Kf1 Kf6 50.f4 h6 51.g4 d4 52.Re4 d3 53.Ke1 d2+ 54.Kd1 
Rd3 55.Rb4 b5 56.a4 Rxh3 57.axb5 axb5 58.Rxb5 Rg3 59.Rb6+ Kg7 60.Rb7+ Kf6 
61.Rb6+ 1/2-1/2

[Event "65th NED-ch"]
[Site "Haaksbergen NED"]
[Date "2009.09.14"]
[Round "3"]
[White "Tiviakov, Sergei"]
[Black "Miedema, David"]
[Result "1-0"]
[WhiteElo "2599"]
[BlackElo "2396"]
[EventDate "2009.09.12"]
[PlyCount "85"]

1.e4 e6 2.d4 d5 3.Nd2 Nf6 4.e5 Nfd7 5.f4 c5 6.Ndf3 cxd4 7.Nxd4 Nc6 8.Ngf3 
Be7 9.c3 Nc5 10.Be3 Bd7 11.Be2 Rb8 12.O-O O-O 13.Qc2 Nxd4 14.Nxd4 Qc7 15.
Rac1 Rbc8 16.Rf3 f5 17.exf6 Rxf6 18.g3 Be8 19.c4 e5 20.fxe5 Qxe5 21.Nf5 
Ne4 22.Nxe7+ Qxe7 23.Qd3 dxc4 24.Rxc4 Bc6 25.Rxf6 Nxf6 26.Bf3 Rd8 27.Rd4 
Re8 28.Bxc6 bxc6 29.Bf2 Ne4 30.Rd7 Qg5 31.Bd4 Nf6 32.Rxa7 h5 33.Bc3 Kh8 
34.Ra4 Qc1+ 35.Kg2 Nd5 36.Re4 Ne3+ 37.Kh3 Rxe4 38.Qxe4 Qf1+ 39.Kh4 Nf5+ 
40.Kxh5 Nd6 41.Qe6 Qb5+ 42.Kg4 Qd3 43.Qh6+ 1-0